Normal view
MARC view
- Shailendra Nath,Thakur
Entry Personal Name
001 - CONTROL NUMBER
- control field: 1169
003 - CONTROL NUMBER IDENTIFIER
- control field: OSt
005 - DATE AND TIME OF LATEST TRANSACTION
- control field: 20160725120611.0
008 - FIXED-LENGTH DATA ELEMENTS
- fixed length control field: 160725|| aca||aabn | a|a d
040 ## - CATALOGING SOURCE
- Original cataloging agency: OSt
- Transcribing agency: OSt
100 ## - HEADING--PERSONAL NAME
- Personal name: Shailendra Nath,Thakur
670 ## - SOURCE DATA FOUND
- Source citation: Work cat.: (OSt): Shailendra Nath,Thakur, Economics, Marketing and Sales of Agricultural Products, 2013
